Statistics for Italy National Team - World Cup Winning Squads

Click here to take the quiz!

General Stats

  • This quiz has been taken 15 times
  • The average score is 43 of 89

Answer Stats

World CupNumberPositionPlayer% Correct
20067StrikerAlessandro Del Piero
93%
200621MidfielderAndrea Pirlo
93%
20064MidfielderDaniele De Rossi
93%
20065DefenderFabio Cannavaro
93%
20061GoalkeeperGianluigi Buffon
93%
200623DefenderMarco Materazzi
93%
198220StrikerPaolo Rossi
93%
200613DefenderAlessandro Nesta
86%
19821GoalkeeperDino Zoff
86%
20063DefenderFabio Grosso
86%
200618StrikerFilippo Inzaghi
86%
20068MidfielderGennaro Gattuso
86%
200616MidfielderMauro Camoranesi
86%
19824DefenderAntonio Cabrini
79%
200610StrikerFrancesco Totti
79%
200619DefenderGianluca Zambrotta
79%
19823DefenderGiuseppe Bergomi
79%
1934-MidfielderGiuseppe Meazza
79%
1938-MidfielderGiuseppe Meazza
79%
200611StrikerAlberto Gilardino
71%
200612GoalkeeperAngelo Peruzzi
71%
20062DefenderCristian Zaccardo
71%
20069StrikerLuca Toni
71%
200620MidfielderSimone Perrotta
71%
20066DefenderAndrea Barzagli
64%
19826DefenderClaudio Gentile
64%
19822DefenderFranco Baresi
64%
19827DefenderGaetano Scirea
64%
200622DefenderMassimo Oddo
64%
200615StrikerVincenzo Iaquinta
64%
198218StrikerAlessandro Altobelli
57%
198216MidfielderBruno Conti
57%
198217StrikerDaniele Massaro
57%
200614GoalkeeperMarco Amelia
57%
198214MidfielderMarco Tardelli
57%
1938-StrikerSilvio Piola
57%
1938-StrikerGiovanni Ferrari
50%
1934-MidfielderGiovanni Ferrari
50%
1934-MidfielderLuis Monti
50%
200617MidfielderSimone Barone
50%
198219StrikerFrancesco Graziani
43%
19825DefenderFulvio Collovati
43%
198213MidfielderGabriele Oriali
43%
198222GoalkeeperGiovanni Galli
43%
19828DefenderPietro Vierchowod
43%
1934-StrikerRaimundo Orsi
43%
1938-GoalkeeperAldo Olivieri
36%
1934-StrikerAngelo Schiavio
36%
1934-DefenderAttilio Ferraris
36%
1934-StrikerEnrique Guaita
36%
1934-DefenderEraldo Monzeglio
36%
1938-DefenderEraldo Monzeglio
36%
1934-StrikerFelice Borel
36%
19829MidfielderGiancarlo Antognoni
36%
1934-GoalkeeperGianpiero Combi
36%
1938-StrikerLuigi Colaussi
36%
1938-StrikerPietro Ferraris
36%
1938-DefenderPietro Rava
36%
1934-DefenderUmberto Caligaris
36%
1938-DefenderAlfredo Foni
29%
1938-StrikerAmedeo Biavati
29%
198215MidfielderFranco Causio
29%
198221StrikerFranco Selvaggi
29%
198211MidfielderGianpiero Marini
29%
198210MidfielderGiuseppe Dossena
29%
198212GoalkeeperIvano Bordon
29%
1934-MidfielderMario Varglien
29%
1938-MidfielderUgo Locatelli
29%
1934-DefenderVirginio Rosetta
29%
1938-GoalkeeperCarlo Ceresoli
21%
1934-DefenderLuigi Allemandi
21%
1934-DefenderLuigi Bertolini
21%
1938-MidfielderMichele Andreolo
21%
1938-MidfielderPietro Serantoni
21%
1938-MidfielderAldo Donati
14%
1934-StrikerAnfilogino Guarisi
14%
1934-MidfielderArmando Castellazzi
14%
1934-MidfielderAttilio Demaria
14%
1938-MidfielderBruno Chizzo
14%
1934-GoalkeeperGiuseppe Cavanna
14%
1938-GoalkeeperGuido Masetti
14%
1934-GoalkeeperGuido Masetti
14%
1938-MidfielderMario Genta
14%
1938-MidfielderMario Perazzolo
14%
1934-DefenderMario Pizziolo
14%
1938-StrikerPiero Pasinati
14%
1934-StrikerPietro Arcari
14%
1938-MidfielderRenato Olmi
14%
1938-StrikerSergio Bertoni
14%

Score Distribution

Percentile by Number Answered

Percent of People with Each Score

Your Score History

You have not taken this quiz